书目信息 |
| 题名: |
土力学
|
|
| 作者: | 王铁行 主编 ;韩永强 , 李辉 编写 | |
| 分册: | ||
| 出版信息: | 北京 中国电力出版社 2007.08 |
|
| 页数: | 156页 | |
| 开本: | 26cm | |
| 丛书名: | ||
| 单 册: | ||
| 中图分类: | TU43 | |
| 科图分类: | ||
| 主题词: | 土力学--tu li xue--高等学校--教材 | |
| 电子资源: | ||
| ISBN: | 978-7-5083-5832-1 | |
| 000 | 01049nam0 2200301 450 | |
| 001 | 012007074837 | |
| 005 | 20071228160911.50 | |
| 010 | @a978-7-5083-5832-1@dCNY16.40 | |
| 100 | @a20071228d2007 km y0chiy0120 ea | |
| 101 | 0 | @achi |
| 102 | @aCN@b110000 | |
| 105 | @aak a 000yy | |
| 106 | @ar | |
| 200 | 1 | @a土力学@Atu li xue@f王铁行主编@Fwang tie xing zhu bian@g韩永强, 李辉编写@Ghan yong qiang,li hui bian xie |
| 210 | @a北京@c中国电力出版社@d2007.08 | |
| 215 | @a156页@c图@d26cm | |
| 300 | @a21世纪高等学校规划教材 | |
| 312 | @a英文并列题名取自封面 | |
| 320 | @a有书目 (第156页) | |
| 330 | @a本书介绍了土的物理性质及分类、土体渗流、土中应力计算、土的压缩性与地基沉降、土的抗剪强度、地基承载力、土压力与挡土墙、土坡稳定性与分析等内容。 | |
| 510 | 1 | @aSoil mechanics@zeng |
| 606 | 0 | @a土力学@Atu li xue@x高等学校@j教材 |
| 690 | @aTU43@v4 | |
| 701 | 0 | @a王铁行@Awang tie xing@4主编 |
| 702 | 0 | @a韩永强@Ahan yong qiang@4编写 |
| 702 | 0 | @a李辉@Ali hui@4编写 |
| 801 | 0 | @aCN@bQSSK@c20071228 |
| 905 | @b274118-20@dTU43@eW367@f3 | |
| 土力学/王铁行主编/韩永强, 李辉编写.-北京:中国电力出版社,2007.08 |
| 156页:图;26cm |
| 21世纪高等学校规划教材 |
| ISBN 978-7-5083-5832-1:CNY16.40 |
| 本书介绍了土的物理性质及分类、土体渗流、土中应力计算、土的压缩性与地基沉降、土的抗剪强度、地基承载力、土压力与挡土墙、土坡稳定性与分析等内容。 |
| ● |
| 相关链接 |
|
|
|
正题名:土力学
索取号:TU43/W367
 
预约/预借
| 序号 | 登录号 | 条形码 | 馆藏地/架位号 | 状态 | 备注 |
| 1 | 274118 | 202741186 | 建筑库101/101建筑库 95排1列4层/ [索取号:TU43/W367] | 在馆 | |
| 2 | 274119 | 202741195 | 城院文库/ [索取号:TU43/W367] | 在馆 | |
| 3 | 274120 | 202741202 | 建筑库101/101建筑库 95排1列4层/ [索取号:TU43/W367] | 在馆 |